[Event "Gütersloh- Südlohn"]
[Site "?"]
[Date "2024.02.04"]
[Round "5.1"]
[White "Mamedov, Aflatun"]
[Black "Plassmann, Dominik"]
[Result "1-0"]
[WhiteElo "2172"]
[BlackElo "2160"]
[PlyCount "155"]
[EventDate "2024.??.??"]

1. d4 f5 2. c4 e6 3. Nc3 Bb4 4. g3 c5 5. e3 Nf6 6. Bg2 O-O 7. Nge2 d5 8. cxd5 Nxd5 9. O-O Bxc3 10. bxc3 cxd4 11. cxd4 Nd7 12. e4 fxe4 13. Bxe4 N7f6 14. Bg2 Bd7 15. Nf4 Nxf4 16. Bxf4 Bc6 17. Bxc6 bxc6 18. Re1 Nd5 19. Be5 Qd7 20. Rc1 Rac8 21. Qg4 Nb4 22. Qe2 Nd5 23. Rc4 Rf7 24. Rec1 Ne7 25. Rb1 Ng6 26. Rbc1 Nxe5 27. dxe5 Rf5 28. f4 Qb7 29. Qe4 Qb6+ 30. Kg2 c5 31. Qe3 Rf7 32. Rd1 Rfc7 33. Rd6 Qb2+ 34. Rd2 Qb5 35. Rdc2 Qc6+ 36. Kh3 Qd5 37. Qc3 Qd1 38. Rd2 Qh5+ 39. Kg2 Qf5 40. Rd6 h5 41. Qc2 Qxc2+ 42. Rxc2 Kf7 43. Kf3 Rb8 44. h3 Rb1 45. g4 hxg4+ 46. hxg4 Rf1+ 47. Ke3 Rg1 48. Kf3 Rf1+ 49. Kg3 Ke7 50. Rd3 Ra1 51. Kh4 a5 52. Kg5 c4 53. Rdc3 Rc5 54. Rxc4 Rxc4 55. Rxc4 Rxa2 56. Rc7+ Kf8 57. Rc8+ Kf7 58. Ra8 a4 59. Ra7+ Kf8 60. Kg6 a3 61. Ra8+ Ke7 62. Kxg7 Rf2 63. Ra7+ Ke8 64. Kf6 Rxf4+ 65. Kxe6 Kf8 66. Rxa3 Rxg4 67. Ra8+ Kg7 68. Ke7 Rb4 69. Ra7 Kg6 70. e6 Rb8 71. Kd7 Kf6 72. Rc7 Ra8 73. Rb7 Ra1 74. e7 Rd1+ 75. Ke8 Rh1 76. Rb6+ Kg7 77. Kd7 Rd1+ 78. Rd6 1-0

[Event "Gütersloh - Südlohn "]
[Site "?"]
[Date "2024.02.04"]
[Round "5.2"]
[White "Ebert, Manuel"]
[Black "Kolakovic, Klaudio"]
[Result "1-0"]
[WhiteElo "2143"]
[BlackElo "2023"]
[PlyCount "81"]
[EventDate "2024.??.??"]

1. c4 c6 2. g3 d5 3. Bg2 dxc4 4. Qc2 e5 5. Nf3 Bd6 6. Na3 Bxa3 7. bxa3 Qd6 8. Bb2 Nd7 9. Qxc4 Ngf6 10. d4 exd4 11. Nxd4 Nb6 12. Qc2 O-O 13. O-O Be6 14. Rfd1 Qe7 15. Rac1 Rfd8 16. a4 Nbd5 17. a3 Rac8 18. a5 Nc7 19. e4 Nb5 20. Nxe6 fxe6 21. a6 bxa6 22. a4 Nc7 23. Rxd8+ Rxd8 24. Qxc6 Nfe8 25. Be5 Rd7 26. h4 Kf7 27. Bf3 Qd8 28. Bh5+ g6 29. Bg4 h5 30. Be2 Re7 31. Rd1 Qb8 32. Ba1 Qb3 33. Kg2 a5 34. Rd3 Qa2 35. Rf3+ Kg8 36. Qc3 Ng7 37. Bd1 Qb1 38. Bc2 Qb7 39. Qf6 Nce8 40. Qxg6 Qc6 41. e5 1-0

[Event "Gütersloh - Südlohn "]
[Site "?"]
[Date "2024.02.04"]
[Round "5.3"]
[White "Teloeken, Andreas"]
[Black "Hofmann, Martin"]
[Result "0-1"]
[WhiteElo "2086"]
[BlackElo "1982"]
[PlyCount "72"]
[EventDate "2024.??.??"]

1. Nf3 d5 2. g3 c6 3. Bg2 Nf6 4. c4 dxc4 5. Na3 b5 6. O-O Bb7 7. b3 cxb3 8. Qxb3 Nbd7 9. d4 e6 10. Rd1 Qb6 11. Rb1 Be7 12. Qc2 Qa6 13. Rb3 O-O 14. Ne5 Nxe5 15. dxe5 Nd5 16. Be4 g6 17. h4 Nb4 18. Qb1 Rfd8 19. Rf1 c5 20. Bg5 Bxg5 21. hxg5 Rd4 22. Bxb7 Qxb7 23. Nc2 Nxc2 24. Qxc2 Qc6 25. e3 Rd5 26. Qe4 Rad8 27. Rb2 c4 28. f3 Qc5 29. Rh2 Rd1 30. Rhf2 c3 31. Kg2 Rxf1 32. Kxf1 Rd1+ 33. Kg2 Rd2 34. Qa8+ Kg7 35. Rxd2 cxd2 36. Qd8 Qd5 0-1

[Event "Gütersloh - Südlohn "]
[Site "?"]
[Date "2024.02.04"]
[Round "5.4"]
[White "Lueckner, Andreas"]
[Black "Engels, Natia"]
[Result "1/2-1/2"]
[WhiteElo "1995"]
[BlackElo "2085"]
[PlyCount "68"]
[EventDate "2024.??.??"]

1. d4 Nf6 2. Nf3 g6 3. Bg5 Bg7 4. Nbd2 d5 5. Bxf6 Bxf6 6. e4 dxe4 7. Nxe4 Bg7 8. Bc4 O-O 9. c3 Nc6 10. O-O Bg4 11. h3 Bxf3 12. Qxf3 e5 13. dxe5 Nxe5 14. Qe2 Nxc4 15. Qxc4 Qh4 16. Rfe1 Rae8 17. Nd6 Qxc4 18. Nxc4 b5 19. Ne3 Rd8 20. Red1 c6 21. Kf1 f5 22. Ke2 f4 23. Nc2 Rfe8+ 24. Kf3 c5 25. Ne1 b4 26. cxb4 cxb4 27. Nd3 a5 28. Rac1 Rd4 29. b3 Red8 30. Ke2 f3+ 31. gxf3 Re8+ 32. Kf1 Red8 33. Ke2 Re8+ 34. Kf1 Red8 1/2-1/2

[Event "Gütersloh - Südlohn "]
[Site "?"]
[Date "2024.02.04"]
[Round "5.5"]
[White "Doennebrink, Elmar"]
[Black "Hanhoerster, Stephan"]
[Result "1/2-1/2"]
[WhiteElo "2088"]
[BlackElo "2091"]
[PlyCount "51"]
[EventDate "2024.??.??"]

1. e4 c5 2. Nf3 d6 3. d4 Nf6 4. Nc3 cxd4 5. Qxd4 Nc6 6. Bb5 Nd7 7. Qe3 e6 8. O-O Be7 9. Rd1 a6 10. Be2 O-O 11. a4 Nb4 12. Ne1 Qc7 13. Qg3 Re8 14. Bf4 Ne5 15. Rac1 Bd7 16. Nd3 Nbc6 17. Nxe5 dxe5 18. Bh6 Bf8 19. Bh5 Rac8 20. Ne2 g6 21. Bxf8 Rxf8 22. Rd2 Rfd8 23. Rcd1 Nb4 24. Nc3 Nc6 25. Ne2 Nb4 26. Nc3 1/2-1/2

[Event "Gütersloh - Südlohn "]
[Site "?"]
[Date "2024.02.04"]
[Round "5.6"]
[White "Grochtmann, Stephan"]
[Black "Hater, Wolfgang"]
[Result "0-1"]
[WhiteElo "1950"]
[BlackElo "2075"]
[PlyCount "56"]
[EventDate "2024.??.??"]

1. e4 e5 2. Bc4 d6 3. d4 exd4 4. Nf3 Be7 5. c3 Nf6 6. cxd4 O-O 7. Qb3 Nc6 8. Ng5 d5 9. exd5 Na5 10. Qc2 Nxc4 11. Qxc4 Nxd5 12. Nf3 Bb4+ 13. Bd2 Re8+ 14. Kf1 Be6 15. Qc1 Be7 16. Nc3 Bf6 17. h3 Bf5 18. Nxd5 Qxd5 19. Bc3 Rad8 20. Kg1 Be4 21. Qf4 c6 22. Kh2 Be7 23. Rhe1 Bd6 24. Ne5 Bg6 25. g3 f6 26. Rad1 Qxa2 27. Qh4 fxe5 28. dxe5 Be7 0-1

[Event "Gütersloh - Südlohn"]
[Site "?"]
[Date "2024.02.04"]
[Round "5.7"]
[White "Funke, Reinhard"]
[Black "Asani, Baskim"]
[Result "0-1"]
[WhiteElo "2069"]
[BlackElo "1927"]
[PlyCount "76"]
[EventDate "2024.??.??"]

1. d4 e6 2. c4 f5 3. Nf3 Nf6 4. g3 Be7 5. Bg2 O-O 6. O-O d6 7. b3 Qe8 8. Bb2 a5 9. Nc3 Na6 10. Qd3 Qh5 11. Rae1 Nb4 12. Qb1 Nc6 13. e4 e5 14. dxe5 dxe5 15. Nd5 fxe4 16. Nxe5 Nxd5 17. Nxc6 bxc6 18. Rxe4 Bf5 19. cxd5 Bxe4 20. Qxe4 Bf6 21. Bxf6 Rxf6 22. dxc6 Re8 23. Qc4+ Kh8 24. Be4 Rh6 25. h4 Qg4 26. Bg2 Qxc4 27. bxc4 Rhe6 28. Bd5 Re1 29. Kg2 g6 30. f4 Rxf1 31. Kxf1 Re3 32. Kf2 Ra3 33. c5 Rc3 34. g4 Rxc5 35. Be4 Rc3 36. h5 gxh5 37. gxh5 Kg7 38. Ke2 Rh3 0-1

[Event "Gütersloh - Südlohn "]
[Site "?"]
[Date "2024.02.04"]
[Round "5.8"]
[White "Neumann, Helena"]
[Black "Teloeken, Daniel"]
[Result "0-1"]
[WhiteElo "1677"]
[BlackElo "1907"]
[PlyCount "98"]
[EventDate "2024.??.??"]

1. e4 c5 2. Nf3 d6 3. Bb5+ Bd7 4. Bxd7+ Qxd7 5. c4 Nc6 6. Nc3 g6 7. d4 cxd4 8. Nxd4 Bg7 9. Be3 Nf6 10. f3 O-O 11. O-O Rfc8 12. b3 Rab8 13. Nxc6 bxc6 14. Qd2 Qb7 15. Rad1 c5 16. Rfe1 Nd7 17. Nd5 Ne5 18. Bg5 Nc6 19. f4 Bd4+ 20. Kh1 f6 21. Bh6 a5 22. f5 a4 23. Qe2 axb3 24. fxg6 hxg6 25. axb3 e6 26. Nf4 Qh7 27. Qg4 Re8 28. Qh3 Kf7 29. Rf1 Ne5 30. Rd2 Rb7 31. Ra2 Rbe7 32. Ra6 Rh8 33. Bg5 Qxh3 34. Nxh3 Ng4 35. Rxd6 Rb7 36. Bd2 Ke7 37. Ra6 Rxb3 38. Ra7+ Kd6 39. Ra6+ Kd7 40. Ra7+ Kc6 41. Ra6+ Rb6 42. Ra2 f5 43. exf5 gxf5 44. Re1 e5 45. Ra7 Rb2 46. Rea1 Rhb8 47. R7a6+ Kd7 48. Ra7+ Kc8 49. Be1 Rb1 0-1

[Event "Bochum II - Sterkrade"]
[Site "?"]
[Date "2024.02.04"]
[Round "5.1"]
[White "Bashirov, Kemal"]
[Black "Kraemer, Matthias"]
[Result "1-0"]
[WhiteElo "2372"]
[BlackElo "2256"]
[PlyCount "157"]
[EventDate "2024.??.??"]

1. e4 e5 2. Nf3 Nc6 3. Bb5 a6 4. Ba4 Nge7 5. c3 Ng6 6. O-O d5 7. exd5 Qxd5 8. Bb3 Qd3 9. Bc2 Qd6 10. h3 Be7 11. d4 Be6 12. dxe5 Ngxe5 13. Nxe5 Nxe5 14. Qxd6 Bxd6 15. f4 Nd7 16. Be3 O-O-O 17. Nd2 Bc5 18. Bxc5 Nxc5 19. Nf3 Rhe8 20. Nd4 Bc4 21. Rfe1 Bd3 22. Rxe8 Rxe8 23. Bd1 Re4 24. Bg4+ Kb8 25. Rd1 Bb5 26. Nxb5 axb5 27. Rd5 Na4 28. Rxb5 c6 29. Bf3 Re6 30. Rb4 Nc5 31. f5 Re1+ 32. Kh2 Kc7 33. Rg4 g6 34. Rh4 h5 35. fxg6 fxg6 36. Rf4 Nd3 37. Rf6 Ne5 38. Kg3 Kd7 39. Rf4 Ke6 40. Re4 Rxe4 41. Bxe4 g5 42. h4 Kf6 43. b3 Nd7 44. hxg5+ Kxg5 45. a4 h4+ 46. Kf2 Kf4 47. Bd3 Nf6 48. a5 Ng4+ 49. Kg1 Kg3 50. Be4 Nf6 51. a6 bxa6 52. Bxc6 a5 53. b4 axb4 54. cxb4 Ng4 55. Bd7 Ne3 56. b5 Nc4 57. Be6 Nb6 58. Kf1 Na4 59. Bh3 Kf4 60. Kf2 Ke4 61. Bd7 Kf4 62. Bc6 Nb6 63. Ke2 Na4 64. Kd3 Ke5 65. Ke3 Nb6 66. Kf3 Kf5 67. Be4+ Kg5 68. Bd3 Nd7 69. Ke3 Kg4 70. Kd4 Kf4 71. Bc4 Kf5 72. Kd5 Nb6+ 73. Kc5 Nc8 74. Bd5 Ke5 75. Bc6 Ke6 76. Bf3 Kf5 77. Bb7 Ne7 78. b6 Ke6 79. Bc6 1-0

[Event "Bochum II - Sterkrade"]
[Site "?"]
[Date "2024.02.04"]
[Round "5.2"]
[White "Heinbuch, Detlef Ulrich"]
[Black "Stricker, Florian"]
[Result "1/2-1/2"]
[WhiteElo "2268"]
[BlackElo "2205"]
[PlyCount "33"]
[EventDate "2024.??.??"]

1. c4 e6 2. Nf3 d5 3. e3 Nf6 4. b3 Be7 5. Bb2 c5 6. cxd5 exd5 7. d4 Nc6 8. Nc3 Bg4 9. Be2 Bxf3 10. Bxf3 cxd4 11. exd4 O-O 12. O-O Bb4 13. Qd3 Re8 14. Rfe1 Qd7 15. g3 Rad8 16. Rad1 h6 17. a3 1/2-1/2

[Event "Bochum II - Sterkrade"]
[Site "?"]
[Date "2024.02.04"]
[Round "5.3"]
[White "Knudsen, Simon"]
[Black "Wolter, Detlev"]
[Result "1-0"]
[WhiteElo "2231"]
[BlackElo "2220"]
[PlyCount "49"]
[EventDate "2024.??.??"]

1. e4 c5 2. Nf3 Nc6 3. Bb5 g6 4. O-O Bg7 5. c3 e5 6. d4 cxd4 7. cxd4 exd4 8. Bf4 Nge7 9. Bd6 O-O 10. Nbd2 a6 11. Ba4 b5 12. Bb3 Bb7 13. Rc1 h6 14. e5 Kh7 15. Re1 f5 16. exf6 Rxf6 17. Ne4 Rf5 18. Qd3 Nd5 19. Bg3 Ndb4 20. Qd2 Rh5 21. Nd6 Qb6 22. Bf7 Rf8 23. a3 Nd5 24. Bxg6+ Kxg6 25. Qd3+ 1-0

[Event "Bochum II - Sterkrade"]
[Site "?"]
[Date "2024.02.04"]
[Round "5.4"]
[White "Pewny, Uwe"]
[Black "Aulich, Marcell"]
[Result "1/2-1/2"]
[WhiteElo "2220"]
[BlackElo "2188"]
[PlyCount "97"]
[EventDate "2024.??.??"]

1. e4 e5 2. Bc4 Nf6 3. d3 c6 4. Nf3 d5 5. Bb3 Bb4+ 6. c3 Bd6 7. O-O O-O 8. Re1 Nbd7 9. Nbd2 Re8 10. Bc2 Nf8 11. d4 dxe4 12. Nxe4 Nxe4 13. Bxe4 exd4 14. Qxd4 f5 15. Bc2 Rxe1+ 16. Nxe1 Ne6 17. Qd1 Qc7 18. Bxf5 Bxh2+ 19. Kh1 g6 20. Bc2 Be5 21. Bb3 Kg7 22. Nd3 Bf6 23. Qe2 Qe7 24. Bd2 Bd7 25. Re1 Re8 26. Qe3 Qd6 27. Qh6+ Kh8 28. Nf4 Nxf4 29. Rxe8+ Bxe8 30. Bxf4 Qe7 31. Be3 c5 32. Bd5 b6 33. Qf4 Be5 34. Qe4 Bf6 35. Qxe7 Bxe7 36. Bf4 Kg7 37. Be5+ Bf6 38. Bb8 Bd8 39. a3 Kf6 40. g4 g5 41. Kg2 a5 42. f4 gxf4 43. Bxf4 h5 44. gxh5 Bxh5 45. Kf2 Ke7 46. Bc4 Kd7 47. Bb5+ Kc8 48. Ba6+ Kd7 49. Bb5+ 1/2-1/2

[Event "Bochum II - Sterkrade"]
[Site "?"]
[Date "2024.02.04"]
[Round "5.5"]
[White "Grewe, Ludger"]
[Black "Goralski, Christian"]
[Result "1-0"]
[WhiteElo "2128"]
[BlackElo "2110"]
[PlyCount "51"]
[EventDate "2024.??.??"]

1. e4 d5 2. exd5 Nf6 3. d4 Bg4 4. Nf3 Qxd5 5. Be2 Nc6 6. c4 Qf5 7. Be3 O-O-O 8. Nbd2 e6 9. O-O h5 10. Qb3 h4 11. h3 Bh5 12. Bd3 Qa5 13. a3 Bxf3 14. Nxf3 Qh5 15. Qc3 g5 16. d5 exd5 17. Qxf6 dxc4 18. Bf5+ Kb8 19. Ne5 Bd6 20. Nxc6+ bxc6 21. Rac1 Rhe8 22. Rxc4 Qe2 23. Rcc1 Qb5 24. Bg4 Qe5 25. Qxe5 Bxe5 26. Rxc6 1-0

[Event "Bochum II - Sterkrade"]
[Site "?"]
[Date "2024.02.04"]
[Round "5.6"]
[White "Hinkmann, Jens"]
[Black "Kuckling, Hannah"]
[Result "1/2-1/2"]
[WhiteElo "2095"]
[BlackElo "2077"]
[PlyCount "35"]
[EventDate "2024.??.??"]

1. e4 c5 2. Nc3 Nc6 3. g3 e6 4. Bg2 g6 5. d3 Bg7 6. Be3 Nd4 7. Nce2 Ne7 8. Qd2 d5 9. Nxd4 cxd4 10. Bh6 Bxh6 11. Qxh6 dxe4 12. dxe4 Qa5+ 13. Qd2 Qxd2+ 14. Kxd2 e5 15. f4 f6 16. h4 b6 17. Nf3 Nc6 18. Bh3 1/2-1/2

[Event "Bochum II - Sterkrade"]
[Site "?"]
[Date "2024.02.04"]
[Round "5.7"]
[White "Herud, Martin"]
[Black "Peters, Michael"]
[Result "1-0"]
[WhiteElo "1984"]
[BlackElo "2003"]
[PlyCount "61"]
[EventDate "2024.??.??"]

1. e4 d6 2. d4 Nf6 3. Nc3 Nbd7 4. Be3 e5 5. f3 Be7 6. Qd2 c6 7. O-O-O Nb6 8. g4 Be6 9. Nh3 h6 10. g5 Nh5 11. gxh6 gxh6 12. Kb1 Qd7 13. Nf2 exd4 14. Bxd4 Rh7 15. Bd3 O-O-O 16. e5 Bf5 17. Qe3 c5 18. exd6 Bg5 19. Qe5 Bxd3 20. Qxc5+ Qc6 21. Qa5 Bg6 22. Qxa7 Nc4 23. d7+ Rxd7 24. Qa8+ Kc7 25. a4 Bxc2+ 26. Kxc2 Nb6 27. Be5+ Rd6 28. Qa5 Be7 29. Nfe4 Kc8 30. Bxd6 Bd8 31. Qf5+ 1-0

[Event "Bochum II - Sterkrade"]
[Site "?"]
[Date "2024.02.04"]
[Round "5.8"]
[White "von Bargen, Lukas"]
[Black "Finke, Tobias"]
[Result "1/2-1/2"]
[WhiteElo "1972"]
[BlackElo "2045"]
[PlyCount "62"]
[EventDate "2024.??.??"]

1. d4 d5 2. c4 c6 3. Nf3 Nf6 4. Nc3 e6 5. g3 Be7 6. Bg2 O-O 7. O-O Nbd7 8. b3 Bb4 9. Bb2 Re8 10. Qc2 dxc4 11. bxc4 c5 12. e3 cxd4 13. exd4 Nb6 14. Ne5 Bxc3 15. Qxc3 Na4 16. Qb3 Nxb2 17. Qxb2 Nd7 18. Ng4 Rb8 19. Ne3 Nf6 20. Rfd1 Qa5 21. c5 Bd7 22. Nc4 Qc7 23. Ne5 Bc6 24. Bxc6 bxc6 25. Qc2 Nd5 26. Nc4 Red8 27. a3 g6 28. Rab1 Ne7 29. Rxb8 Rxb8 30. Rb1 Nf5 31. Rxb8+ Qxb8 1/2-1/2

[Event "Münster III - Raesfeld"]
[Site "?"]
[Date "2024.02.04"]
[Round "5.1"]
[White "Wilger, Frank"]
[Black "Korth, Daniel"]
[Result "1-0"]
[WhiteElo "2102"]
[BlackElo "2176"]
[PlyCount "77"]
[EventDate "2024.??.??"]

1. d4 d5 2. Nf3 Nf6 3. c4 c6 4. e3 a6 5. Bd3 g6 6. b3 Bg7 7. O-O O-O 8. Nbd2 Nbd7 9. Bb2 Re8 10. h3 Rb8 11. Qc2 Nf8 12. e4 dxe4 13. Nxe4 Nxe4 14. Bxe4 Nd7 15. Rad1 Qc7 16. Rfe1 b6 17. Qc1 Bb7 18. Nh2 Nf6 19. Bf3 Rbd8 20. Qe3 a5 21. a3 b5 22. Be2 Qb6 23. Ba1 Ba6 24. Nf3 a4 25. Ne5 Rb8 26. Qf3 axb3 27. c5 Qc7 28. Qxc6 Qxc6 29. Nxc6 Ra8 30. Bf3 Bb7 31. Nxe7+ Rxe7 32. Rxe7 Bxf3 33. gxf3 Rxa3 34. Rb7 Nd5 35. Rb8+ Bf8 36. Rxb5 b2 37. Bxb2 Rxf3 38. c6 Rf5 39. Rxd5 1-0

[Event "Münster III - Raesfeld"]
[Site "?"]
[Date "2024.02.04"]
[Round "5.2"]
[White "Becker, Stefan"]
[Black "Van de Oudeweetering, Raoul"]
[Result "1/2-1/2"]
[WhiteElo "2016"]
[BlackElo "2186"]
[PlyCount "34"]
[EventDate "2024.??.??"]

1. c4 e5 2. g3 Nf6 3. Bg2 d5 4. cxd5 Nxd5 5. Nf3 Nc6 6. O-O Nb6 7. Nc3 Be7 8. a3 O-O 9. b4 Be6 10. d3 a5 11. b5 Nd4 12. Nd2 Qd7 13. Rb1 Nd5 14. Bxd5 Bxd5 15. e3 Nxb5 16. Nxb5 Bc6 17. a4 Qxd3 1/2-1/2

[Event "Münster III - Raesfeld"]
[Site "?"]
[Date "2024.02.04"]
[Round "5.3"]
[White "Postma, Dinant"]
[Black "Molinaroli, Martin"]
[Result "1/2-1/2"]
[WhiteElo "2133"]
[BlackElo "2101"]
[PlyCount "117"]
[EventDate "2024.??.??"]

1. e4 b6 2. d4 Bb7 3. Nc3 e6 4. a3 Nf6 5. Bd3 d5 6. Bg5 dxe4 7. Nxe4 Be7 8. Bxf6 gxf6 9. Nf3 Nc6 10. O-O Qd7 11. c3 f5 12. Ng3 h5 13. Bb5 a6 14. Ne5 Qd6 15. Bxc6+ Bxc6 16. Nxc6 Qxc6 17. d5 Qxd5 18. Qxd5 exd5 19. Rfe1 Kf8 20. Re5 c6 21. Rxf5 h4 22. Nh5 Re8 23. Nf4 Rh6 24. g3 hxg3 25. fxg3 Bd6 26. Rf1 Re7 27. h4 Bxf4 28. R5xf4 Kg7 29. R1f2 a5 30. Kg2 Rhe6 31. Rg4+ Rg6 32. Rgf4 Rge6 33. h5 Re4 34. Rf6 R4e6 35. R6f5 Re5 36. h6+ Kxh6 37. Rf6+ Kg7 38. Rxc6 R5e6 39. Rc8 Rd6 40. Rb8 Rg6 41. Rd8 Re3 42. Rxd5 Rgxg3+ 43. Kf1 Rg6 44. Rdf5 Re7 45. R5f4 Rg5 46. a4 Rg6 47. R2f3 Rd6 48. Rf2 Rg6 49. R2f3 Rd6 50. Rf2 Rg6 51. R2f3 Rge6 52. Rf2 Re1+ 53. Kg2 R1e4 54. Rf6 R4e6 55. R6f5 Re5 56. R5f4 Re4 57. Rf6 R4e6 58. R6f5 Re5 59. R5f4 1/2-1/2

[Event "Münster III - Raesfeld"]
[Site "?"]
[Date "2024.02.04"]
[Round "5.4"]
[White "Mueschenich, Stefan"]
[Black "Buendgen, Achim"]
[Result "1/2-1/2"]
[WhiteElo "2121"]
[BlackElo "2076"]
[PlyCount "49"]
[EventDate "2024.??.??"]

1. e4 e5 2. Nf3 d6 3. d4 Nf6 4. Nc3 Nbd7 5. Bc4 Be7 6. Be3 c6 7. dxe5 dxe5 8. a4 O-O 9. O-O Qc7 10. Qe2 Bb4 11. Na2 Bc5 12. Nd2 a5 13. Nc1 Bxe3 14. Qxe3 Rb8 15. Nd3 Re8 16. f3 Nf8 17. Rfd1 Ne6 18. c3 Bd7 19. Nc5 Nxc5 20. Qxc5 b6 21. Qf2 Rbd8 22. Nf1 Bc8 23. Ne3 Rxd1+ 24. Rxd1 Rd8 25. Qc2 1/2-1/2

[Event "Münster III - Raesfeld"]
[Site "?"]
[Date "2024.02.04"]
[Round "5.5"]
[White "Gesing, Felix"]
[Black "Baumann, Stephan"]
[Result "1-0"]
[WhiteElo "2072"]
[BlackElo "2046"]
[PlyCount "83"]
[EventDate "2024.??.??"]

1. e4 e5 2. Nf3 Nc6 3. Bc4 Nf6 4. d3 Be7 5. O-O O-O 6. c3 d5 7. exd5 Nxd5 8. Re1 Bg4 9. h3 Bh5 10. Nbd2 Kh8 11. Ne4 f6 12. Ng3 Bf7 13. Nf5 Qd7 14. Nxe7 Qxe7 15. Qe2 Rae8 16. Qe4 Qd7 17. a4 Nce7 18. Bd2 Bg6 19. Qe2 Nb6 20. Nh4 Rd8 21. Nxg6+ Nxg6 22. Be3 Nxc4 23. dxc4 Qc6 24. b4 a5 25. b5 Qe6 26. Rad1 h6 27. Bc5 Rfe8 28. Qe4 Rxd1 29. Rxd1 Nf4 30. Qxb7 Qxc4 31. Qxc7 Qxa4 32. Qd7 Rb8 33. b6 Qb3 34. Be3 Ne2+ 35. Kh1 Nxc3 36. Rc1 Ne2 37. Re1 Nd4 38. Bxd4 exd4 39. Re8+ Rxe8 40. Qxe8+ Kh7 41. Qe4+ Kh8 42. Qa8+ 1-0

[Event "Münster III - Raesfeld"]
[Site "?"]
[Date "2024.02.04"]
[Round "5.6"]
[White "Wieder, Heiner"]
[Black "Broemmel, Rudolf"]
[Result "1-0"]
[WhiteElo "2087"]
[BlackElo "2010"]
[PlyCount "95"]
[EventDate "2024.??.??"]

1. e4 Nc6 2. Nf3 d6 3. d4 Nf6 4. Nc3 Bg4 5. Be3 e6 6. h3 Bh5 7. g4 Bg6 8. d5 exd5 9. exd5 Nb8 10. Qd2 Nbd7 11. O-O-O Be7 12. Rg1 Nb6 13. Bb5+ Kf8 14. Nh4 Nfxd5 15. Nxg6+ hxg6 16. Nxd5 Nxd5 17. Qxd5 c6 18. Bxc6 bxc6 19. Qxc6 Rxh3 20. Qg2 Rh8 21. Qd5 Rc8 22. Rd3 Qd7 23. Ra3 Qc7 24. Rc3 Qb8 25. Bxa7 Qa8 26. Rxc8+ Qxc8 27. Rd1 g5 28. Be3 Rh6 29. Bxg5 Re6 30. Bxe7+ Kxe7 31. f4 Qa6 32. a3 Qb6 33. Qg5+ Ke8 34. Rh1 Kd7 35. f5 Re2 36. Qxg7 Qc6 37. Qxf7+ Re7 38. Qh5 Re2 39. Qh7+ Re7 40. Qh8 Qe4 41. f6 Rf7 42. Qh5 Qf4+ 43. Kb1 Rxf6 44. g5 Re6 45. g6 Qg3 46. Qb5+ Ke7 47. Qb7+ Kf6 48. Qf7+ 1-0

[Event "Münster III - Raesfeld"]
[Site "?"]
[Date "2024.02.04"]
[Round "5.8"]
[White "Ollech, Dirk"]
[Black "Greifenberg, Daniel"]
[Result "0-1"]
[WhiteElo "1940"]
[BlackElo "2097"]
[PlyCount "118"]
[EventDate "2024.??.??"]

1. Nf3 Nf6 2. c4 c6 3. g3 d5 4. Bg2 g6 5. O-O Bg7 6. d4 O-O 7. b3 Ne4 8. Bb2 Be6 9. Nbd2 f5 10. e3 h6 11. Qe2 Nd7 12. Rad1 Qa5 13. Ra1 Kh7 14. Nxe4 dxe4 15. Nd2 Bg8 16. f3 exf3 17. Nxf3 e5 18. Qc2 e4 19. Nd2 h5 20. Rae1 Nf6 21. Bc1 Qd8 22. c5 b6 23. Nc4 Bxc4 24. Qxc4 Nd5 25. cxb6 axb6 26. a4 Qd7 27. Bh3 b5 28. axb5 cxb5 29. Qc2 Qb7 30. Bd2 Bh6 31. Rf2 Rac8 32. Qb2 b4 33. Bf1 Nf6 34. Bc4 Ng4 35. Rfe2 Ra8 36. Ra1 Rxa1+ 37. Qxa1 Ra8 38. Qe1 Bf8 39. h3 Nf6 40. Kg2 Bd6 41. Qf2 Kg7 42. Be1 Qa7 43. Rc2 Qa5 44. Qe2 Ra7 45. Bf2 Qa1 46. Be1 Nh7 47. h4 Nf6 48. Qd2 Qa5 49. Qe2 Ng4 50. Bf2 Kh6 51. Bg8 Qd8 52. Be6 Qf6 53. Bd5 Qd8 54. Be6 Be7 55. Rc8 Qd6 56. Qc4 Ra2 57. Rh8+ Kg7 58. Qc8 Rxf2+ 59. Kh1 Rh2+ 0-1

[Event "Langenfeld - Erkenschwick 2"]
[Site "?"]
[Date "2024.02.04"]
[Round "5.1"]
[White "Homs, Guust"]
[Black "Rechmann, Peter"]
[Result "1/2-1/2"]
[WhiteElo "2152"]
[BlackElo "2242"]
[PlyCount "26"]
[EventDate "2024.??.??"]

1. e4 e5 2. Nf3 Nc6 3. Bc4 Nf6 4. d4 exd4 5. O-O Nxe4 6. Re1 d5 7. Bxd5 Qxd5 8. Nc3 Qd7 9. Nxe4 Be7 10. Bg5 O-O 11. Bxe7 Qxe7 12. Nxd4 Bd7 13. Nc3 Qd8 1/2-1/2

[Event "Langenfeld - Erkenschwick 2"]
[Site "?"]
[Date "2024.02.04"]
[Round "5.2"]
[White "Keller, Karsten"]
[Black "Krings, Christoph"]
[Result "1/2-1/2"]
[WhiteElo "2191"]
[BlackElo "2177"]
[PlyCount "119"]
[EventDate "2024.??.??"]

1. Nf3 e6 2. c4 d5 3. d4 Nf6 4. Nc3 Be7 5. Bf4 c6 6. e3 O-O 7. Qc2 b6 8. Bd3 dxc4 9. Bxc4 Ba6 10. Bxa6 Nxa6 11. Qa4 Nb4 12. O-O a5 13. Ne5 b5 14. Qd1 Qb6 15. Qf3 Nbd5 16. Nxd5 cxd5 17. Bg5 Qb7 18. Rfc1 Ne4 19. Bxe7 Qxe7 20. Rc2 f6 21. Nd3 Rac8 22. Rac1 Rc4 23. Qd1 Rfc8 24. f3 Nd6 25. b3 Rxc2 26. Rxc2 Qd7 27. Qc1 Kf7 28. Kf2 Rxc2+ 29. Qxc2 Qc8 30. Qxc8 Nxc8 31. e4 dxe4 32. fxe4 Ke7 33. Nc5 Nb6 34. Ke3 f5 35. a4 bxa4 36. Nxa4 Nxa4 37. bxa4 Kd6 38. h4 g6 39. Kf4 h6 40. g3 g5+ 41. hxg5 hxg5+ 42. Kxg5 fxe4 43. Kf4 Kd5 44. Ke3 e5 45. dxe5 Kxe5 46. g4 Kd5 47. g5 Ke5 48. g6 Kf6 49. Kxe4 Kxg6 50. Kd5 Kf7 51. Kd6 Ke8 52. Kc7 Ke7 53. Kb6 Kd8 54. Kxa5 Kc7 55. Kb5 Kb7 56. a5 Ka7 57. a6 Ka8 58. Kb6 Kb8 59. a7+ Ka8 60. Ka6 1/2-1/2

[Event "Langenfeld - Erkenschwick 2"]
[Site "?"]
[Date "2024.02.04"]
[Round "5.3"]
[White "Schulz, Dennis"]
[Black "Reinemer, Frank"]
[Result "0-1"]
[WhiteElo "1931"]
[BlackElo "2084"]
[PlyCount "112"]
[EventDate "2024.??.??"]

1. d4 f5 2. e4 fxe4 3. Nc3 Nf6 4. Bg5 Nc6 5. d5 Ne5 6. Qe2 Nf7 7. Bxf6 exf6 8. Nxe4 Bb4+ 9. c3 Be7 10. O-O-O O-O 11. h4 d6 12. Qc2 f5 13. Ng3 Bxh4 14. Nf3 Bg5+ 15. Kb1 g6 16. Nd4 Ne5 17. f3 a6 18. Nge2 Be3 19. Qb3 Qe7 20. c4 f4 21. g4 Nxf3 22. Nxf3 Qe4+ 23. Ka1 Qxf3 24. Rh2 Bxg4 25. Qxb7 Bg1 26. Rh6 Bb6 27. c5 Ra7 28. Qc6 Bxc5 29. Nc3 Qe3 30. Rb1 f3 31. Rh4 Bf5 32. Bh3 Qe7 33. Bxf5 Rxf5 34. Re4 Qf7 35. Re8+ Kg7 36. Ne4 f2 37. Rf1 Qxd5 38. Re7+ Kh6 39. Rh1+ Rh5 40. Rxh7+ Kxh7 41. Qd7+ Kh6 42. Rxh5+ Qxh5 43. Nxf2 Bxf2 44. a3 Qd1+ 45. Ka2 Qd5+ 46. Ka1 c6 47. Qh3+ Kg7 48. Qf1 Bd4 49. Qe2 Rb7 50. a4 Bxb2+ 51. Kb1 Bc3+ 52. Kc1 Qh1+ 53. Kc2 Rb2+ 54. Kxc3 Rxe2 55. a5 Qf3+ 56. Kd4 Re4# 0-1

[Event "Langenfeld- Erkenschwick 2"]
[Site "?"]
[Date "2024.02.04"]
[Round "5.4"]
[White "Reuter, Michael"]
[Black "Eggenstein, Frank"]
[Result "1/2-1/2"]
[WhiteElo "2052"]
[BlackElo "1973"]
[PlyCount "64"]
[EventDate "2024.??.??"]

1. d4 Nf6 2. Nf3 g6 3. Nc3 d5 4. Bf4 Bg7 5. e3 O-O 6. Be2 c5 7. dxc5 Qa5 8. Nd2 Qxc5 9. Nb3 Qc6 10. Nb5 Ne8 11. c3 e5 12. Bg3 Be6 13. O-O Nd7 14. f4 f6 15. a4 a6 16. Na3 Nd6 17. Nd2 Nc5 18. Nc2 Nce4 19. Nb4 Qc5 20. Nxe4 Nxe4 21. Rf3 Nxg3 22. Rxg3 Rfd8 23. Nd3 Qc7 24. Qe1 Qb6 25. a5 Qc7 26. h4 Bf5 27. Qf2 h5 28. Ne1 Rf8 29. Bd3 Qd7 30. Qc2 Kh7 31. Bxf5 Qxf5 32. Qxf5 gxf5 1/2-1/2

[Event "Langenfeld - Erkenschwick 2"]
[Site "?"]
[Date "2024.02.04"]
[Round "5.5"]
[White "Al Marawi, Abdulhadi"]
[Black "Pejkovic, Patrick Slavko"]
[Result "0-1"]
[WhiteElo "2034"]
[BlackElo "2098"]
[PlyCount "52"]
[EventDate "2024.??.??"]

1. Nf3 Nf6 2. c4 g6 3. Nc3 c5 4. g3 Bg7 5. Bg2 Nc6 6. O-O O-O 7. d4 cxd4 8. Nxd4 Qb6 9. Nb3 d6 10. Be3 Qb4 11. c5 Be6 12. cxd6 exd6 13. Nd4 Ng4 14. Nxc6 bxc6 15. Bd2 Qxb2 16. Rb1 Qa3 17. Ne4 a5 18. Bf4 Ne5 19. Bc1 Qxa2 20. Rb2 Nf3+ 21. Bxf3 Bxb2 22. Qxd6 Rfd8 23. Qe7 Bxc1 24. Rxc1 Qb2 25. Rxc6 Bh3 26. Rxg6+ hxg6 0-1